| Tag |
First Indicator |
Second Indicator |
Subfields |
| LEADER |
00000cam a22000001a 4500 |
| 001 |
in00004100657 |
| 005 |
20200117091335.0 |
| 006 |
m d f |
| 007 |
cr bn mmmapmmp |
| 008 |
100715s2010 dcu ob f000 0 eng d |
| 035 |
|
|
|a chdc201001118
|
| 040 |
|
|
|a UMI
|c UMI
|d UtOrBLW
|
| 042 |
|
|
|a pcc
|
| 043 |
|
|
|a n-us---
|
| 074 |
|
|
|a 1035-C
|
| 086 |
0 |
|
|a Y 4.B 22/3:S.HRG.111-407
|
| 110 |
1 |
|
|a United States.
|b Congress.
|b Senate.
|b Committee on Banking, Housing, and Urban Affairs.
|0 http://id.loc.gov/authorities/names/n81033403
|
| 245 |
1 |
0 |
|a Strengthening and streamlining prudential bank supervision :
|b hearing before the Committee on Banking, Housing, and Urban Affairs, United States Senate, One Hundred Eleventh Congress, first session, on strengthening and streamlining prudential bank supervision to better provide the safety, soundness, and stability of the financial markets, August 4 and September 29, 2009.
|
| 264 |
|
1 |
|a Washington :
|b U.S. G.P.O.,
|c 2010.
|
| 264 |
|
2 |
|a Washington :
|b For sale by the Supt. of Docs., U.S. G.P.O.
|
| 300 |
|
|
|a ii, 182 pages, digital, PDF file.
|
| 336 |
|
|
|a text
|b txt
|2 rdacontent
|
| 337 |
|
|
|a computer
|b c
|2 rdamedia
|
| 338 |
|
|
|a online resource
|b cr
|2 rdacarrier
|
| 490 |
1 |
|
|a S. hrg. ;
|v 111-407
|
| 500 |
|
|
|a Shipping list number: 2010-0315-P.
|
| 504 |
|
|
|a Includes bibliographical references.
|
| 500 |
|
|
|a Record is based on bibliographic data in ProQuest Congressional Hearings Digital Collection. Reuse except for individual research requires license from ProQuest, LLC.
|
| 500 |
|
|
|a Electronic resource.
|
| 533 |
|
|
|a Electronic reproduction.
|b [Bethesda, Md.] :
|c ProQuest,
|d 2010.
|e digital, PDF file.
|n ProQuest U.S. Congressional Hearings Digital Collection.
|n Mode of access: World Wide Web via ProQuest website.
|
| 538 |
|
|
|a System requirements: PDF reader software.
|
| 650 |
|
0 |
|a Banks and banking
|x State supervision
|z United States.
|0 http://id.loc.gov/authorities/subjects/sh2007101810
|
| 650 |
|
0 |
|a Financial institutions
|x State supervision
|z United States.
|
| 776 |
0 |
8 |
|i Print version:
|a United States. Congress. Senate. Committee on Banking, Housing, and Urban Affairs.
|t Strengthening and streamlining prudential bank supervision
|w 9780160861031
|w 0160861039
|w (OCoLC)647985786
|
| 776 |
0 |
8 |
|i Microfiche version:
|a United States. Congress. Senate. Committee on Banking, Housing, and Urban Affairs.
|t Strengthening and streamlining prudential bank supervision
|d [Bethesda, Md.] : ProQuest,[2010]
|o CIS 2010 S241-104
|w (ProQuest)cis01002814
|
| 810 |
1 |
|
|a United States.
|b Congress.
|b Senate.
|t S. hrg. ;
|v 111-407.
|0 http://id.loc.gov/authorities/names/n83707917
|
| 856 |
4 |
0 |
|u http://proxy.library.tamu.edu/login?url=http://search.proquest.com/congcomp/getdoc?HEARING-ID=HRG-2009-BHU-0048
|y Electronic resource (PDF)
|t 0
|
| 998 |
|
|
|a cis01002814
|
| 999 |
f |
f |
|s abb0e6d6-53aa-38b4-aea6-bfe5e2a31bdf
|i 1444d897-c198-3501-a9f9-81ea700cf1cd
|t 0
|
| 952 |
f |
f |
|a Texas A&M University
|b College Station
|c Electronic Resources
|d Available Online
|t 0
|e Y 4.B 22/3:S.HRG.111-407
|h Superintendent of Documents classification
|
| 998 |
f |
f |
|a Y 4.B 22/3:S.HRG.111-407
|t 0
|l Available Online
|